000 01010nas a2200349 4500
001 BR2013000312
003 BR-BrBNA
005 20231205121753.0
007 ta
008 230509b bl.|||p| |||| 00| 00por d
040 _aBR-BrBNA
_bpor
_cBiblioteca Nacional de Agricultura
041 _a(Pt)
072 _aJ10; F03
100 1 _aMassoni, P.F.S.
100 1 _aMarchesan, E.
100 1 _aGrohs, M.
100 1 _aRoso, R.
100 1 _aCoelho, L.L.
100 1 _aMachado, S.L.O.
100 1 _aTeló, G.M.
100 1 _aLúcio, A.D.
245 1 _aInfluência de manejos pós-colheita do arroz irrigado sobre o banco de sementes de arroz-vermelho
650 _aARROZ IRRIGADO
650 _aMANEJO DO SOLO
650 _aPÓS-COLHEITA
650 _aERVA DANINHA
650 _aSEMENTE
650 _aGERMINAÇÃO
773 0 _tPlanta Daninha (Brazil)
_xISSN 0100-8358
_g(Oct-Dec 2013), v. 31(1) p. 89-98
_wBR2013000312
909 _a202311
_bLúcia
_c55
_dLúcia Elande
942 _2AGRIS
_n0
_cANA
999 _c225162
_d225162